Homonna a háboru mellet
Oduševnenie za vojnu sa prejavilo v Humennom po vyhlásené všeobecnej mobilizácie. Mládež sa zišla na manifestácii za vojnu. Sprievod sa pohol aj s hlavným slúžnym T. Malonyay [31.07.1914] až ku kaviarni "Treffort" ,kde slúžny predniesol prejav. Prejavy predniesli aj Dr. A. Büchler a násled...
| Médium: | Článok |
|---|---|
| Jazyk: | Hungarian |
| Témy: | |
| Zdroj: |
1. Felvidéki Hirlap 1. Roč. 7, č. 29 (02.08.1914) s. 2 |
| LEADER | 01063nab#a2200301#ar4500 | ||
|---|---|---|---|
| 001 | 000074563 | ||
| 003 | SVKKK | ||
| 005 | 20050120xxxxxxx. | ||
| 008 | 06 c xo huno | ||
| FMT | |||
| 038 | |a SVKKK | ||
| 040 | |a SVKKK |b slo |e AACR2 | ||
| 041 | 0 | |a hun | |
| 044 | |a xo |c SK | ||
| 080 | |a 172.17:355.01 | ||
| 242 | 1 | 0 | |a Humenné je za vojnu |
| 245 | 0 | 0 | |a Homonna a háboru mellet |
| 500 | |a mikrofilm | ||
| 520 | 2 | |a Oduševnenie za vojnu sa prejavilo v Humennom po vyhlásené všeobecnej mobilizácie. Mládež sa zišla na manifestácii za vojnu. Sprievod sa pohol aj s hlavným slúžnym T. Malonyay [31.07.1914] až ku kaviarni "Treffort" ,kde slúžny predniesol prejav. Prejavy predniesli aj Dr. A. Büchler a následne Samuel Lengyel. | |
| 650 | 0 | 4 | |a mobilizácia všeobecná - vlastenectvo - postoje vojnové - Humenné - rok 1914 - správy |
| 773 | 0 | |t Felvidéki Hirlap |g Roč. 7, č. 29 (02.08.1914) s. 2 | |
| 957 | |a Humenné | ||
| 958 | |a DG | ||
| 958 | |a SK | ||
| 974 | |a Ba |d 20050120 | ||
| 992 | |a RBX | ||
| BAS | |||
| 998 | |a RETRO | ||